Richest People - Statistics

General Stats
  • This quiz has been taken 24 times
    9 since last reset
  • The average score is 3 of 15
Answer Stats
Net Worth Age Source Name % Correct
79.7 B 58 Microsoft Bill Gates
89%
62.2 B 83 Birkshire Hathaway Warren Buffett
56%
80.7 B 74 Telecom Carlos Slim Helu
33%
49.7 B 69 Oracle Larry Ellison
33%
41.8 B 78 Diversified Charles Koch
22%
41.2 B 74 Diversified David Koch
22%
64.2 B 78 Retail Amancio Ortega
11%
37.9 B 59 Wal-Mart Christy Walton
11%
36.4 B 66 Wal-Mart Jim Walton
11%
41.2 B 91 L'Oreal Liliane Bettencourt
11%
37.5 B 80 Casinos Sheldon Adelson
11%
34.8 B 64 LVMH Alice Walton
0%
34.8 B 86 Diversified Li Ka-Shing
0%
35.2 B 64 Wal-Mart Michael Bloomberg
0%
34.8 B 70 Wal-Mart S. Robson Walton
0%
No matching quizzes found
Score Distribution
Percent of People with Each Score
Percentile by Number Answered
Your Score History
You have not taken this quiz since the last reset